00936nas a2200229Ia 4500001001100000003000900011008004100020040001300061040001300074041001300087100004900100210001600149222001600165245010300181250001100284260004600295501008600341300001900427362005200446500017200498650003600670R061/B8451IT-RoPAU151124c99999999xx |||||||||||| ||und|| aIT-RoPAU cIT-RoPAU aFRANCESE aPailliart IsabellegCodice Aut. SPICS: 3164 aCINEMACTION aCinemaction aCINEMACTION, N.063 (1992) - LES THEORIES DE LA COMMUNICATIONbTerritoires Urbains Et Communication a1a ed. aCONDE' SUR NOIREAU (FRANCE)bCORLETc1992 bPaulus - SPICS - Società San Paolo EM (non-commercial uses only)cCopyright2015 a7 p. [177-183] aN.063 (1992) - LES THEORIES DE LA COMMUNICATION aTerritori Urbani e Comunicazione. Richezza della Comunicazione Municipale e Sua Omogeneità. Nuove Tecnologie di Comunicazione, Rivelatori di Trasformazioni in Corso. aCINEMAvPUBBLICAZIONE PERIODICA